| 000 | 01071cam a2200325Ia 4500 | ||
|---|---|---|---|
| 001 | 29408483 | ||
| 003 | OCoLC | ||
| 005 | 20220506113226.0 | ||
| 008 | 931201s1993 sp a j 001 0 spa d | ||
| 020 |
_a8420748560 : _c$13.55 |
||
| 020 | _a9788420748566 | ||
| 040 |
_aTXN _cTXN _dOCL |
||
| 041 | 1 |
_aspa _heng |
|
| 100 | 1 |
_aTaylor, Barbara. _d1954- |
|
| 240 | 1 | 0 |
_aMeadow. _lSpanish. |
| 245 | 1 | 3 |
_aLa pradera / _ctexto de Barbara Taylor ; fotografias de Kim Taylor y Jane Burton ; traduccion de Juan Manuel Ibeas. |
| 250 | _a1a ed. | ||
| 260 |
_aMadrid : _bAnaya, _cc1993. |
||
| 300 |
_a29 p. : _bcol. ill. ; _c25 cm. |
||
| 440 | 0 |
_aMira de cerca ; _v6. |
|
| 500 | _aIncludes index. | ||
| 520 | _aExamines some of the animals and plants found in meadows, including the crab spider, partridge chicks, and cocksfoot grass. | ||
| 650 | 0 |
_aMeadow animals _vJuvenile literature. |
|
| 650 | 0 |
_aMeadow plants _vJuvenile literature. |
|
| 650 | 1 | _aMeadow animals. | |
| 650 | 1 | _aMeadow plants. | |
| 700 | 1 |
_aBurton, Jane. _4ill. |
|
| 700 | 1 | _aTaylor, Kim | |
| 942 | _cBK | ||
| 999 |
_c27013 _d27013 |
||